| 000 | 00391nam a2200157Ia 4500 | ||
|---|---|---|---|
| 008 | 151213s9999 xx 000 0 und d | ||
| 100 | _aPaul Newbold | ||
| 245 |
_aStatistics for Business & Economics _cPaul Newbold |
||
| 250 | _a5th | ||
| 260 |
_aU.S.A _bPrentic Hall _c2003 |
||
| 300 | _a4189 p. | ||
| 650 | _aStatistics | ||
| 650 | _aStatistics | ||
| 700 | _aPaul Newbold | ||
| 999 |
_c2613 _d2613 |
||